Sport : (Record no. 1877)

MARC details
000 -LEADER
fixed length control field 01756cam a2200421 i 4500
001 - CONTROL NUMBER
control field data
005 - DATE AND TIME OF LATEST TRANSACTION
control field 20260322212122.0
008 - FIXED-LENGTH DATA ELEMENTS--GENERAL INFORMATION
fixed length control field data
035 ## - SYSTEM CONTROL NUMBER
System control number 18188942
010 ## - LIBRARY OF CONGRESS CONTROL NUMBER
LC control number 2014943271
020 ## - INTERNATIONAL STANDARD BOOK NUMBER
International Standard Book Number 9780199688340
Qualifying information (paperback)
020 ## - INTERNATIONAL STANDARD BOOK NUMBER
International Standard Book Number 0199688346
Qualifying information (paperback)
035 ## - SYSTEM CONTROL NUMBER
System control number (OCoLC)878299459
040 ## - CATALOGING SOURCE
Original cataloging agency YDXCP
Language of cataloging eng
Transcribing agency YDXCP
Description conventions rda
Modifying agency DLC
-- BDX
-- OCLCQ
-- IHI
-- OCLCF
-- IEG
-- DLC
042 ## - AUTHENTICATION CODE
Authentication code lccopycat
050 00 - LIBRARY OF CONGRESS CALL NUMBER
Classification number GV704
Item number .C76 2014
100 1# - MAIN ENTRY--PERSONAL NAME
Personal name Cronin, Mike,
Relator term author.
245 10 - TITLE STATEMENT
Title Sport :
Remainder of title a very short introduction /
Statement of responsibility, etc. Mike Cronin.
250 ## - EDITION STATEMENT
Edition statement First edition.
264 #1 - PRODUCTION, PUBLICATION, DISTRIBUTION, MANUFACTURE, AND COPYRIGHT NOTICE
Place of production, publication, distribution, manufacture New York, NY :
Name of producer, publisher, distributor, manufacturer Oxford University Press,
Date of production, publication, distribution, manufacture, or copyright notice [2014]
264 #4 - PRODUCTION, PUBLICATION, DISTRIBUTION, MANUFACTURE, AND COPYRIGHT NOTICE
Date of production, publication, distribution, manufacture, or copyright notice ©2014
300 ## - PHYSICAL DESCRIPTION
Extent xvi, 133 pages :
Other physical details illustrations ;
Dimensions 18 cm.
336 ## - CONTENT TYPE
Content type term text
Source rdacontent
337 ## - MEDIA TYPE
Media type term unmediated
Source rdamedia
338 ## - CARRIER TYPE
Carrier type term volume
Source rdacarrier
490 1# - SERIES STATEMENT
Series statement Very short introductions ;
Volume/sequential designation 411
504 ## - BIBLIOGRAPHY, ETC. NOTE
Bibliography, etc. note Includes bibliographical references (pages 125-127) and index.
505 0# - FORMATTED CONTENTS NOTE
Formatted contents note Origins -- Modern -- Amateurs and professionals -- International -- Business -- Dark side.
650 #0 - SUBJECT ADDED ENTRY--TOPICAL TERM
Topical term or geographic name entry element Sports.
650 #7 - SUBJECT ADDED ENTRY--TOPICAL TERM
Topical term or geographic name entry element Sports.
Source of heading or term fast
Authority record control number or standard number (OCoLC)fst01130432
830 #0 - SERIES ADDED ENTRY--UNIFORM TITLE
Uniform title Very short introductions ;
Volume/sequential designation 411.
856 42 - ELECTRONIC LOCATION AND ACCESS
Materials specified Contributor biographical information
Uniform Resource Identifier <a href="http://www.loc.gov/catdir/enhancements/fy1604/2014943271-b.html">http://www.loc.gov/catdir/enhancements/fy1604/2014943271-b.html</a>
856 42 - ELECTRONIC LOCATION AND ACCESS
Materials specified Publisher description
Uniform Resource Identifier <a href="http://www.loc.gov/catdir/enhancements/fy1604/2014943271-d.html">http://www.loc.gov/catdir/enhancements/fy1604/2014943271-d.html</a>
856 41 - ELECTRONIC LOCATION AND ACCESS
Materials specified Table of contents only
Uniform Resource Identifier <a href="http://www.loc.gov/catdir/enhancements/fy1604/2014943271-t.html">http://www.loc.gov/catdir/enhancements/fy1604/2014943271-t.html</a>
906 ## - LOCAL DATA ELEMENT F, LDF (RLIN)
a 7
b cbc
c copycat
d 2
e ncip
f 20
g y-gencatlg
925 0# -
-- acquire
-- 1 shelf copy
-- policy default
955 ## - COPY-LEVEL INFORMATION (RLIN)
-- re12 2015-03-25
Holdings
Withdrawn status Lost status Damaged status Not for loan Home library Current library Shelving location Date acquired Total checkouts Full call number Barcode Date last seen Price effective from Koha item type
        Troy Troy General stacks 22/03/2026   GV704 LOC-TPL-00009 22/03/2026 22/03/2026 Books